000 00766nam a2200205 4500
999 _c3527
_d3527
001 4278
005 20190813111023.0
008 190813b ||||| |||| 00| 0 eng d
090 0 0 _a244.3 T8823p 2011
100 _aTshering, Tendin.
245 0 0 _aདཔལ་ལྡན་འབྲུག་པ་མཁན་ཆེན་ཁྲི་རབས་གསལ་བའི་མེ་ལོང་།
_cTandin Tshering.
260 0 0 _aThimphu :
_bn.p.,
_c2011.
300 0 0 _a197 p. : col. ill. ; 28 cm.
500 _a[History of Je khenpo in Bhutan].
500 0 0 _aIn Dzongkha.
650 0 0 _aBrug-pa lamas --Bhutan --Biography.
650 0 0 _aBrug-pa lamas --China --Tibet --Biography.
700 _aBrag-phug Dge-bśes Dge-dun-rin-chen, 1926-
942 _2ddc
_cDZONGKHA